LEADER 02377nam a2200469 u 4500 001 000000029535 003 CaOOAMICUS 005 20140318170025.0 008 970409s1997 fr u000 u fre u 020 $a2851211641 035 $a10758262 040 $aPUL(R)$bita 041 1 $afre$alat 100 0 $aAugustinus,$cs., vesc. d'Ippona,$d354-430.$0(OLS)http://pul/name/1290 240 10$aDe ordine$9(Augustinus, s., vesc. d'Ippona, 354-430).$lFrancese e latino.$0(OLS)http://pul/title/40437 245 10$aDe ordine = L'ordre /$cintroduction, texte critique, traduction, notes complémentaires par Jean Doignon. 246 31$aOrdre 246 32$aOeuvres de saint Augustin 260 $aParis :$bDesclée de Brouwer,$c1997. 300 $a415 p. ;$c17 cm 490 1 $aBibliothèque augustinienne., Oeuvres de Saint Augustin,$aPremière série, Opuscules ;$v4,2 500 $aComprende indici. 504 $aComprende indicazioni bibliografiche. 600 04$aAugustinus,$cs., vesc. d'Ippona,$d354-430.$tDe ordine.$0(OLS)http://pul/subject/16116 700 1 $aDoignon, Jean.$0(OLS)http://pul/name/11760 800 0 $aAugustinus,$cs., vesc. d'Ippona,$d354-430.$tOpere.$lFrancese e latino.$0(OLS)http://pul/nameTitle/1812$0(OLS)http://pul/name/1290$0(OLS)http://pul/title/174505 830 0$aBibliothèque augustinienne.$pOeuvres de Saint Augustin,$nPremière série,$pOpuscules,$x09964657 ;$v4,2.$0(OLS)http://pul/title/1881 850 $aPUL 852 $aPUL$W1$xSL Religione 1$y3$m17 L 4/2$j40912$nBK-PRI$b $qStampati$B40912$CPULBib$Z2$F40912 $H $81 900 $aAgostino,$cs., vesc. d'Ippona,$d354-430$91290 900 $aAgostino, Aurelio,$cs., vesc. d'Ippona$d354-430$91290 900 $aAgostino,$cs., vesc. d'Ippona,$d354-430$91290 900 $aAgostino, Aurelio,$cs., vesc. d'Ippona$d354-430$91290 900 $aAgostino,$cs., vesc. d'Ippona,$d354-430$91290 900 $aAgostino, Aurelio,$cs., vesc. d'Ippona$d354-430$91290 941 1 $a8 961 $aINV: 76835 996 $6020$a2851211641$9(OLS)http://pul/number/36975 996 $6245$aDe ordine = L'ordre$9(OLS)http://pul/title/40438 996 $6246$aOrdre$9(OLS)http://pul/title/40439 996 $6246$aOeuvres de saint Augustin$9(OLS)http://pul/title/1880 996 $6260$aParis :$bDesclée de Brouwer$9(OLS)http://pul/publisher/49456 LEADER 01509nam a2200289 a 4500 001 000000174158 003 CaOOAMICUS 005 20210125132612.0 008 210125s2020 sp m 001 u fre r 032 $aLibriCat 040 $aPUL$bita 100 1 $aKouadio, Kouamé Roméo.$0(OLS)http://pul/name/111893 245 13$aLe développment humain en Côte d'Ivoire à la lumière des exhortations apostoliques post-synodales Ecclesia in Africa et Africae Munus /$cKouamé Roméo Kouadio. 260 $aMadrid :$b[s.n.],$c2020. 300 $a16, 261-368 p. ;$c24 cm 502 $aEstratto della Tesi di dottorato. Universidad San Damaso. Facultad de Teologia. 2020. 504 $aBibliografia : p. 353-368. 610 24$aPapi (2005-2013 : Benedictus XVI).$tAfricae munus.$0(OLS)http://pul/subject/44290 610 24$aPapi (1978-2005 : Iohannes Paulus PP. II).$tEcclesia in Africa.$0(OLS)http://pul/subject/28031 650 4$aDottrina sociale della Chiesa$zAfrica.$0(OLS)http://pul/subject/44254 710 1 $aUniversidad San Damaso.$pFacultad de Teologia.$kTesi.$0(OLS)http://pul/name/87051 850 $aPUL 852 $aPUL$W1$xDP1 Tesi Varie$y51$m2020 B 4$j197702$qTesi$B203065$CPULBib$Z2$F203065 $82 941 1 $a16 996 $6245$aLe développment humain en Côte d'Ivoire à la lumière des exhortations apostoliques post-synodales Ecclesia in Africa et Africae Munus$9(OLS)http://pul/title/215385 996 $6260$aMadrid :$b[s.n.]$9(OLS)http://pul/publisher/49535